000 00518nam a22001817a 4500
005 20251108165401.0
008 250721s2000 xx 000 0 ara d
082 1 4 _a930.1/ديا
100 1 _aدياكوف، ف
245 1 0 _aالحضارات القديمة /
264 1 _aدمشق :
_bدار علاءالدين،
_c2000.
300 _aج.
650 1 7 _aالحضارات القديمة
700 1 _aكوفاليف، س
700 1 _aاليازجي، نسيم
_eترجمة
942 _2ddc
_cBK
999 _c26599
_d26599